000 00960nam a22002417a 4500
001 1291
005 20230811111810.0
008 230811b cb ||||| |||| 00| 0 eng d
020 _a9781408328392
040 _aFISKH
_beng
_cFISKH
_dFISKH
050 _aPZ7
082 _a823.92
100 _aMeres, Jonathan
245 _aThe world of norm /
_bmay be contagious
_cJonathan Meres
260 _aSydney :
_bOrchard,
_c2013.
300 _a265 pages, 11 unnumbered pages of plates :
_c20 cm
490 _3World of norm
505 _aH
520 _aNorm is back! And he knows that it's just going to be one of those days...Before long a dog-related injury prevents him from biking, and an old "friend" threatens the one thing even more important to Norm than his bike. And we're not talking pizza! Upset plans and upset stomachs...Norm's out of luck. And it may be contagious!
521 _a520
_bLexile
521 _aH
_bRaz-Plus
942 _2ddc
_cBK
_n0
999 _c1291
_d1291